000 01280naa a22003497a 4500
001 BR8205332
003 BR-BrBNA
005 20240918175156.0
007 ta
008 230509b bl.||||| |||| 00| 0 por d
040 _aBR-BrBNA
_bpor
_cBiblioteca Nacional de Agricultura
041 _a(Pt)
072 _aH20
_b0180
_b4120
_b3875
090 _aH20 BR8205332
100 1 _aGiordani, N.A.
100 1 _aNeto, N.
111 1 _a12. Reuniao Nacional de Pesquisa de Trigo
_cCascavel, PR (Brazil)
_d19-23 Jul 1982
245 1 _aResposta de linhagens de trigo a fungicidas [Triticum spp., fungo, controle quimico]
260 3 _aCruz Alta, RS (Brasil):
_c1982.
500 _aContribuicao do Centro de Experimentacao e Pesquisa a 12. Reuniao Nacional de Pesquisa de Trigo Cruz Alta, RS (Brasil): 1982. p. 69-75 (BR8205332-AM)H20
650 _aTRIGO
650 _aLINHAGEM
650 _aFUNGO
650 _aFUNGICIDA
650 _aANALISE QUANTITATIVA
650 _aPULVERIZACAO
650 _aCONTROLE QUIMICO
650 _aRENDIMENTO
773 0 _tContribuicao do Centro de Experimentacao e Pesquisa a 12. Reuniao Nacional de Pesquisa de Trigo
_wH20 BR8205332
_gCruz Alta, RS (Brasil), 1982. p. 69-75
909 _a202404
_bLucia
_c55
_dLucia Elande
942 _cAM
_2AGRIS
999 _c315406
_d315406